[Event "CRO-chT3B Center North"]
[Site "Croatia"]
[Date "2014.04.27"]
[Round "3.1"]
[White "Muskinja, Borivoj"]
[Black "Bozic, Miljenko"]
[Result "1-0"]
[WhiteElo "2162"]
[BlackElo "1978"]
[PlyCount "105"]
[EventDate "2014.04.06"]
[EventType "team-tourn"]
[EventRounds "9"]
[EventCountry "CRO"]
[SourceTitle "EXT 2019"]
[Source "ChessBase"]
[SourceDate "2018.10.10"]
[SourceVersion "1"]
[SourceVersionDate "2018.10.10"]
[SourceQuality "1"]

1. e4 g6 2. d4 Bg7 3. Nc3 d6 4. Bg5 c6 5. Qd2 Nd7 6. Bc4 d5 7. Bb3 dxe4 8. Nxe4 Ngf6 9. f3 Nxe4 10. fxe4 0-0 11. 0-0-0 Nf6 12. Qf4 a5 13. a3 a4 14. Ba2 Qa5 15. Nf3 b5 16. Ne5 Qc7 17. c3 Ra7 18. Rhf1 Be6 19. Bxe6 fxe6 20. Qe3 c5 21. Nf3 Ng4 22. Qe2 cxd4 23. Nxd4 Rxf1 24. Qxf1 Qe5 25. Qxb5 Qxb5 26. Nxb5 Rb7 27. Rd8+ Kf7 28. Nd4 Nf2 29. Nc6 Nxe4 30. Ra8 Rd7 31. Be3 Rd6 32. Nb4 Bf6 33. Rxa4 Bg5 34. Bxg5 Nxg5 35. Kc2 e5 36. h4 Ne6 37. Na2 Nf4 38. g3 Nd5 39. Re4 Ke6 40. c4 Nf6 41. Re3 Rd4 42. b3 Rg4 43. Rc3 e4 44. a4 Ke5 45. a5 Kd6 46. b4 h5 47. a6 Kc6 48. c5 g5 49. b5+ Kc7 50. b6+ Kb8 51. c6 Ne8 52. a7+ Ka8 53. Nb4 1-0

[Event "CRO-chT3B Center North"]
[Site "Croatia"]
[Date "2013.10.13"]
[Round "7.3"]
[White "Muskinja, Borivoj"]
[Black "Sermek, Antonio"]
[Result "1-0"]
[WhiteElo "2158"]
[BlackElo "2128"]
[PlyCount "57"]
[EventDate "2013.04.14"]
[EventType "team-tourn"]
[EventRounds "9"]
[EventCountry "CRO"]
[SourceTitle "EXT 2019"]
[Source "ChessBase"]
[SourceDate "2018.10.10"]
[SourceVersion "1"]
[SourceVersionDate "2018.10.10"]
[SourceQuality "1"]

1. b3 Nf6 2. Bb2 d5 3. Nf3 e6 4. e3 Be7 5. c4 c6 6. Be2 Nbd7 7. 0-0 b6 8. Qc2 Bb7 9. d3 dxc4 10. dxc4 0-0 11. Rd1 Qc7 12. e4 Rad8 13. Nbd2 Bc5 14. Qc3 a5 15. a3 Rfe8 16. b4 axb4 17. axb4 Bf8 18. e5 Ng4 19. h3 Nh6 20. Ne4 Ra8 21. Nd6 Red8 22. c5 Nf5 23. Bd3 Ne7 24. Ng5 Ng6 25. Bxg6 hxg6 26. Ndxf7 Re8 27. Qd4 Rxa1 28. Bxa1 Bc8 29. Qh4 1-0

[Event "CRO-chT2 Center"]
[Site "Croatia"]
[Date "2011.04.03"]
[Round "6.15"]
[White "Dinic, Nenad"]
[Black "Muskinja, Borivoj"]
[Result "0-1"]
[WhiteElo "2042"]
[BlackElo "2168"]
[PlyCount "72"]
[EventDate "2011.03.20"]
[EventType "team-tourn"]
[EventRounds "11"]
[EventCountry "CRO"]
[SourceTitle "EXT 2014"]
[Source "ChessBase"]
[SourceDate "2013.11.20"]
[SourceVersion "1"]
[SourceVersionDate "2013.11.20"]
[SourceQuality "1"]

1. e4 c5 2. Nf3 Nc6 3. Bb5 d6 4. 0-0 Bd7 5. c3 a6 6. Ba4 b5 7. Bc2 Bg4 8. h3 Bxf3 9. Qxf3 e5 10. d3 Be7 11. Be3 Bf6 12. Nd2 Nge7 13. Rfd1 0-0 14. Nf1 Kh8 15. Ng3 Ng8 16. Bb3 g6 17. Rac1 Bg7 18. Bd5 Rc8 19. a3 Nce7 20. Ba2 Qd7 21. Qe2 f5 22. exf5 gxf5 23. f4 Ng6 24. Nh5 Rce8 25. Qd2 Bh6 26. Rf1 Nf6 27. Nxf6 Rxf6 28. g3 exf4 29. Bxf4 Bxf4 30. gxf4 d5 31. Rce1 Rg8 32. Kh2 Nh4 33. Re2 Rfg6 34. Rff2 Rg2+ 35. Kh1 Rg1+ 36. Kh2 Qg7 0-1

[Event "Medimurska CupT"]
[Site "Cakovec"]
[Date "2011.03.06"]
[Round "5"]
[White "Turk, Tajana"]
[Black "Muskinja, Borivoj"]
[Result "1-0"]
[WhiteElo "1852"]
[BlackElo "2168"]
[PlyCount "61"]
[EventDate "2011.02.06"]
[EventType "team-swiss"]
[EventRounds "5"]
[EventCountry "CRO"]
[SourceTitle "EXT 2012"]
[Source "ChessBase"]
[SourceDate "2011.11.24"]
[SourceVersion "1"]
[SourceVersionDate "2011.11.24"]
[SourceQuality "1"]

1. d4 Nf6 2. c4 g6 3. Nc3 Bg7 4. e4 d6 5. Nf3 0-0 6. Be2 e5 7. dxe5 dxe5 8. Qxd8 Rxd8 9. Bg5 Re8 10. Rd1 Nc6 11. Nb5 Re7 12. Nc3 Re8 13. Nb5 Re7 14. Nc3 Be6 15. 0-0 h6 16. Be3 b6 17. a3 Nh5 18. Rfe1 f5 19. Nh4 Bf7 20. Bxh5 f4 21. Nxg6 Re6 22. Nxf4 exf4 23. Bxf7+ Kxf7 24. Bxf4 Nd4 25. Nd5 Rc8 26. f3 c5 27. Be3 Nc2 28. Re2 Nxe3 29. Nxe3 Bd4 30. Kf1 Rc7 31. Nf5 1-0

[Event "CRO-chT3B Center North"]
[Site "Cakovec"]
[Date "2010.10.02"]
[Round "6.51"]
[White "Slamar, Velimir"]
[Black "Muskinja, Borivoj"]
[Result "1-0"]
[WhiteElo "2212"]
[BlackElo "2140"]
[PlyCount "73"]
[EventDate "2010.03.27"]
[EventType "team-tourn"]
[EventRounds "9"]
[EventCountry "CRO"]
[SourceTitle "EXT 2012"]
[Source "ChessBase"]
[SourceDate "2011.11.24"]
[SourceVersion "1"]
[SourceVersionDate "2011.11.24"]
[SourceQuality "1"]

1. Nf3 Nf6 2. d4 g6 3. c4 Bg7 4. Nc3 0-0 5. e4 d6 6. Be2 e5 7. 0-0 Nc6 8. d5 Ne7 9. b4 a5 10. bxa5 Rxa5 11. Nd2 Nd7 12. Nb3 Ra8 13. Be3 f5 14. f3 b6 15. a4 fxe4 16. fxe4 Rxf1+ 17. Qxf1 Nc5 18. Nxc5 bxc5 19. Qf2 Bd7 20. Qh4 Qe8 21. Bg5 Nc8 22. a5 Na7 23. Bg4 Rb8 24. a6 Rb3 25. Bxd7 Qxd7 26. Bd2 Rb2 27. Bc1 Rb8 28. Qh3 Qxh3 29. gxh3 c6 30. dxc6 Nxc6 31. Nb5 Bf8 32. a7 Ra8 33. Ra6 Nd4 34. Be3 Ne6 35. Rb6 Kf7 36. Rb8 Nc7 37. Rb7 1-0

[Event "CRO-chT3"]
[Site "Varazdin"]
[Date "2009.04.25"]
[Round "2"]
[White "Bunjac, Branimir"]
[Black "Muskinja, Borivoj"]
[Result "1/2-1/2"]
[WhiteElo "2037"]
[BlackElo "2173"]
[PlyCount "20"]
[EventDate "2009.04.04"]
[EventType "team-tourn"]
[EventRounds "9"]
[EventCountry "CRO"]
[SourceTitle "EXT 2011"]
[Source "ChessBase"]
[SourceDate "2010.11.26"]
[SourceVersion "1"]
[SourceVersionDate "2010.11.26"]
[SourceQuality "1"]

1. e4 c5 2. Bc4 Nc6 3. Ne2 e6 4. Nbc3 d6 5. 0-0 a6 6. a4 Nf6 7. d3 Be7 8. Bg5 0-0 9. Qd2 Qb6 10. Rab1 Bd7 1/2-1/2